Reading Proclus and the Book of Causes, Volume 2 : Translations and Acculturations (Record no. 51690)
[ view plain ]
| 000 -LEADER | |
|---|---|
| fixed length control field | 01738nam a2200253Ia 4500 |
| 000 - LEADER | |
| fixed length control field | 02042naaa 00289uu |
| 001 - CONTROL NUMBER | |
| control field | https://directory.doabooks.org/handle/20.500.12854/68120 |
| 005 - DATE AND TIME OF LATEST TRANSACTION | |
| control field | 20260218105933.0 |
| 008 - FIXED-LENGTH DATA ELEMENTS--GENERAL INFORMATION | |
| fixed length control field | 211013s9999 xx 000 0 und d |
| 020 ## - INTERNATIONAL STANDARD BOOK NUMBER | |
| International Standard Book Number | 9789004440685 |
| 024 ## - OTHER STANDARD IDENTIFIER | |
| Standard number or code | 10.1163/9789004440685 |
| 042 ## - AUTHENTICATION CODE | |
| Authentication code | dc |
| 245 #0 - TITLE STATEMENT | |
| Title | Reading Proclus and the Book of Causes, Volume 2 : Translations and Acculturations |
| 260 ## - PUBLICATION, DISTRIBUTION, ETC. | |
| Name of publisher, distributor, etc. | Brill |
| Date of publication, distribution, etc. | 2020 |
| 300 ## - PHYSICAL DESCRIPTION | |
| Extent | 1 electronic resource (492 p.) |
| 520 ## - SUMMARY, ETC. | |
| Summary, etc. | Reading Proclus and the Book of Causes, published in three volumes, is a fresh, comprehensive understanding of the history of Neoplatonism from the 9th to the 16th century. The impact of the Elements of Theology and the Book of Causes is reconsidered on the basis of newly discovered manuscripts and evidences. This second volume revises widely accepted hypotheses about the reception of the Proclus' text in Byzantium and the Caucasus, and about the context that made possible the composition of the Book of Causes and its translations into Latin and Hebrew. The contributions offer a unique, comparative perspective on the various ways a pagan author was acculturated to the Abrahamic traditions. Readership: All interested in the history of philosophy, Late Antiquity, Arabic Philosophy, Jewish Philosophy, Scholasticism, Byzantine Philosophy. |
| 540 ## - TERMS GOVERNING USE AND REPRODUCTION NOTE | |
| Terms governing use and reproduction | Creative Commons |
| 653 ## - INDEX TERM--UNCONTROLLED | |
| Uncontrolled term | Western philosophy: Ancient, to c 500 |
| 700 1# - ADDED ENTRY--PERSONAL NAME | |
| Personal name | Calma, Dragos |
| 700 1# - ADDED ENTRY--PERSONAL NAME | |
| Personal name | Calma, Dragos |
| 856 ## - ELECTRONIC LOCATION AND ACCESS | |
| Uniform Resource Identifier | <a href="https://docs.google.com/spreadsheets/d/1yKIrdCPDAG_9c22mwoOIO2DOhtj65Wqa/edit?usp=sharing&ouid=106555315294820607512&rtpof=true&sd=true ">https://docs.google.com/spreadsheets/d/1yKIrdCPDAG_9c22mwoOIO2DOhtj65Wqa/edit?usp=sharing&ouid=106555315294820607512&rtpof=true&sd=true </a> |
| Link text | List of Curated E-Books |
| 942 ## - ADDED ENTRY ELEMENTS (KOHA) | |
| Koha item type | E-Book |
| Withdrawn status | Source of classification or shelving scheme | Damaged status | Not for loan | Home library | Current library | Date acquired | Total Checkouts | Date last seen | Price effective from | Koha item type |
|---|---|---|---|---|---|---|---|---|---|---|
| Library of Congress Classification | Not For Loan | Directory of Open Access Books | Directory of Open Access Books | 12/22/2021 | 12/22/2021 | 12/22/2021 | E-Book |